| 000 | 00360pab a2200133 454500 | ||
|---|---|---|---|
| 008 | 180718b xxu||||| |||| 00| 0 eng d | ||
| 100 | _aDatta Meera | ||
| 245 | _aNew economic policy and status of Indian women | ||
| 362 | _a32(33), 2 Jul 1994, p.19-20 | ||
| 650 | _a Women -- India | ||
| 650 | _aIndia -- Economic Policy | ||
| 773 | _aMainstream | ||
| 909 | _a27362 | ||
| 999 |
_c27362 _d27362 |
||